| 000 | 01130cam a2200301 a 4500 | ||
|---|---|---|---|
| 001 | 818 | ||
| 005 | 20231124093034.0 | ||
| 020 | _a9780545571739 | ||
| 040 |
_aDLC _cDLC _dDLC _beng |
||
| 050 | 0 | 0 |
_aE208 _bO83 2004 |
| 082 | 0 | 0 |
_a973.3 _221 |
| 100 | 1 | _aOsborne, Mary Pope. | |
| 245 | 1 | 0 |
_aAmerican revolution : _ba nonfiction companion to Magic Tree House #22 Revolutionary War on Wednesday / _cby Mary Pope Osborne and Natalie Pope Boyce ; illustrated by Sal Murdocca. |
| 250 | _a1st ed. | ||
| 260 |
_aNew York : _bRandom House, _c2004. |
||
| 300 |
_a121 pages : _billustrations., maps ; _c20 cm |
||
| 490 |
_aMagic tree house fact tracker _vBook 22 |
||
| 500 | _a"A stepping stone book." | ||
| 505 | _aO | ||
| 520 | _aPresents a picture of life in colonial America and reviews the causes and major events of the American Revolution. | ||
| 521 |
_a600
_bLexile |
||
| 521 |
_aO
_bRaz-Plus |
||
| 700 | 1 | _aBoyce, Natalie Pope. | |
| 700 | 1 |
_aMurdocca, Sal _eillustrator |
|
| 700 | 1 |
_aOsborne, Mary Pope. _tRevolutionary War on Wednesday. |
|
| 906 |
_a7 _bcbc _corignew _d1 _eecip _f20 _gy-gencatlg |
||
| 942 |
_2ddc _cBK _n0 |
||
| 999 |
_c818 _d818 |
||